Logistické procesy na úrovni firmy diplomová práca

Guardado en:
Detalles Bibliográficos
Autor principal: Urminská, Ivana
Autor Corporativo: Fakulta hospodárskej informatiky EU. Katedra operačného výskumu a ekonometrie
Otros Autores: Čičková, Zuzana, 1978-
Formato: Libro
Lenguaje:eslovaco
Publicado: Bratislava 2018
Etiquetas: Agregar Etiqueta
Sin Etiquetas, Sea el primero en etiquetar este registro!

MARC

LEADER 00000nbm a2200000 4500
001 0243608
005 20180917084405.7
041 0 |a slo 
044 |a SK 
245 1 0 |a Logistické procesy na úrovni firmy  |b diplomová práca  |c Ivana Urminská ; školiteľ: Zuzana Čičková 
264 1 |a Bratislava  |c 2018 
300 |a 61 s. 
100 1 |a Urminská, Ivana 
700 1 |a Čičková, Zuzana, 1978- 
710 2 |a Fakulta hospodárskej informatiky EU. Katedra operačného výskumu a ekonometrie